Southville International School and Colleges
Your cart is empty.
  • Cart
  • Lists
    Public lists Eva Luna New books Lux_list list_1
    Your lists Log in to create your own lists
  • Log in to your account
  • Your cookies
  • Search history
Southville International School and Colleges
  • Advanced search
  • Recent comments
  • Most popular
  • Libraries

Log in to your account

Log in with GOOGLE


If you do not have an external account, but do have a local account, you can still log in:

  1. Home
  2. MARC view: Business communication at work /
Normal view MARC view ISBD view

Business communication at work / (Record no. 15386)

[ view plain ]
MARC details
000 -LEADER
fixed length control field 01682cam a22004574a 4500
001 - CONTROL NUMBER
control field 14169636
003 - CONTROL NUMBER IDENTIFIER
control field OSt
005 - DATE AND TIME OF LATEST TRANSACTION
control field 20140310182724.0
008 - FIXED-LENGTH DATA ELEMENTS--GENERAL INFORMATION
fixed length control field 051116s2007 maua 001 0 eng
010 ## - LIBRARY OF CONGRESS CONTROL NUMBER
LC control number 2005057669
015 ## - NATIONAL BIBLIOGRAPHY NUMBER
National bibliography number GBA596436
Source bnb
016 7# - NATIONAL BIBLIOGRAPHIC AGENCY CONTROL NUMBER
Record control number 013337205
Source Uk
020 ## - INTERNATIONAL STANDARD BOOK NUMBER
International Standard Book Number 0073138312
020 ## - INTERNATIONAL STANDARD BOOK NUMBER
International Standard Book Number 9780071289016
020 ## - INTERNATIONAL STANDARD BOOK NUMBER
International Standard Book Number 0073138320
020 ## - INTERNATIONAL STANDARD BOOK NUMBER
International Standard Book Number 9780073138329
020 ## - INTERNATIONAL STANDARD BOOK NUMBER
International Standard Book Number 0071107401
020 ## - INTERNATIONAL STANDARD BOOK NUMBER
International Standard Book Number 9780071107402
035 ## - SYSTEM CONTROL NUMBER
System control number (OCoLC)ocm62325175
040 ## - CATALOGING SOURCE
Original cataloging agency DLC
Transcribing agency DLC
Modifying agency YDX
-- BAKER
-- UKM
-- BTCTA
-- YDXCP
-- DLC
042 ## - AUTHENTICATION CODE
Authentication code pcc
050 00 - LIBRARY OF CONGRESS CALL NUMBER
Classification number HF 5718
Item number .S26 2010
100 1# - MAIN ENTRY--PERSONAL NAME
Personal name Satterwhite, Marilyn L.
245 10 - TITLE STATEMENT
Title Business communication at work /
Statement of responsibility, etc Marilyn L. Satterwhite, Judith Olson-Sutton.
250 ## - EDITION STATEMENT
Edition statement 3rd ed.
260 ## - PUBLICATION, DISTRIBUTION, ETC. (IMPRINT)
Place of publication, distribution, etc Boston :
Name of publisher, distributor, etc McGraw-Hill/Irwin,
Date of publication, distribution, etc 2010.
300 ## - PHYSICAL DESCRIPTION
Extent 522 p. :
Other physical details ill. ;
Dimensions 28 cm.
500 ## - GENERAL NOTE
General note Includes index.
521 ## - TARGET AUDIENCE NOTE
Target audience note
562 ## - COPY AND VERSION IDENTIFICATION NOTE
Number of copies For Circulation. 2 copies in the Collection
650 #0 - SUBJECT ADDED ENTRY--TOPICAL TERM
Topical term or geographic name as entry element Business communication.
700 1# - ADDED ENTRY--PERSONAL NAME
Personal name Olson-Sutton, Judith,
Dates associated with a name 1944-
856 42 - ELECTRONIC LOCATION AND ACCESS
Materials specified Publisher description
Uniform Resource Identifier <a href="http://www.loc.gov/catdir/enhancements/fy0626/2005057669-d.html">http://www.loc.gov/catdir/enhancements/fy0626/2005057669-d.html</a>
856 41 - ELECTRONIC LOCATION AND ACCESS
Materials specified Table of contents only
Uniform Resource Identifier <a href="http://www.loc.gov/catdir/enhancements/fy0626/2005057669-t.html">http://www.loc.gov/catdir/enhancements/fy0626/2005057669-t.html</a>
906 ## - LOCAL DATA ELEMENT F, LDF (RLIN)
a 7
b cbc
c orignew
d 1
e ocip
f 20
g y-gencatlg
942 ## - ADDED ENTRY ELEMENTS (KOHA)
Source of classification or shelving scheme Library of Congress Classification
Koha item type Books
Call number prefix Foreign
Holdings
Withdrawn status Lost status Source of classification or shelving scheme Damaged status Home library Current library Shelving location Date acquired Source of acquisition Cost, normal purchase price Total Checkouts Total Renewals Full call number Barcode Date last seen Date checked out Copy number Price effective from Koha item type
    Library of Congress Classification   Archives Archives   06/02/2012 Donation 839.00 1 4 HF 5718 .Sa26 2010 C14609 05/15/2018 10/12/2017 1 10/10/2013 Books
    Library of Congress Classification   College Library College Library General Circulation Section 11/12/2013   839.00 1 17 HF 5718 .Sa26 2010 C12144 05/15/2018 05/12/2017 2 11/12/2013 Books
    Library of Congress Classification   College Library College Library General Circulation Section 11/12/2013   839.00     HF 5718 .Sa26 2010 C12145 05/15/2018   3 11/12/2013 Books

Business communication at work /

APA

Satterwhite M. L., Olson-Sutton J., . (2010). Business communication at work. Boston: McGraw-Hill/Irwin.

Chicago

Satterwhite Marilyn L, Olson-Sutton Judith, . 2010. Business communication at work. Boston: McGraw-Hill/Irwin.

Harvard

Satterwhite M. L., Olson-Sutton J., . (2010). Business communication at work. Boston: McGraw-Hill/Irwin.

MLA

Satterwhite Marilyn L, Olson-Sutton Judith, . Business communication at work. Boston: McGraw-Hill/Irwin. 2010.

  • Place hold
  • Print
  • Cite
  • Add to your cart (remove)
  • Save record
    BIBTEX Dublin Core MARCXML MARC (non-Unicode/MARC-8) MARC (Unicode/UTF-8) MARC (Unicode/UTF-8, Standard) MODS (XML) RIS
  • More searches
    Search for this title in:
    Other Libraries (WorldCat) Other Databases (Google Scholar) Online Stores (Bookfinder.com) Open Library (openlibrary.org)

Exporting to Dublin Core...

SOUTHVILLE LIBRARY

Southville International School and Colleges Library

1281 Tropical Ave. Cor. Luxembourg St., BF Homes International, Las Pinas City

Tel. No. 8256374 / 252358 Loc. 117/146

Powered by Koha